000 00728nam a2200193Ia 4500
003 GCL
005 20240530104355.0
008 140319s9999 xx 000 0 ara d
040 _aGCL /
_cGCL
082 0 4 _a320.5
_bع ا
100 1 _aعبدالحميد متولى
245 1 0 _aالاسلام ومبادئ نظام الحكم فى الماركسية والديمقراطيات الغربية /
_cعبدالحميد متولى
260 _a[S.N] :
_bمنشاة المعارف الاسلامية
490 _aبطولات اسلامية
_v0
650 0 4 _aالاسلام والمذاهب السياسية
650 0 4 _aالتاريخ الدستورى
650 0 4 _aالاسلام ونظام الحكم
942 _2ddc
_cBK
999 _c46987
_d46987